000 00458nam a22001817a 4500
005 20250312110918.0
008 160701b xxu||||| |||| 00| 0 eng d
020 _a978-81-203-4398-1
041 _aeng
082 _b20442
_a005.1
100 _aMALL, RAJIB
245 _a FUNDAMENTALS OF SOFTWARE ENGINEERING
250 _a4th ed., 2014
260 _bPHI LEARNING PVT LTD
_c2015
_aDELHI
300 _a530
650 _aCOMPUTER SCIENCE
_95104
942 _cBK
999 _c5081
_d5079